• 首页
  • 本馆介绍
  • 公告通知
  • 最新文献
  • 馆藏检索
  • 电子资源
  • 读者导购
  • 参考咨询
  • 我的图书馆
  • 登录
  • 详细信息显示
  • 放入我的书架
  • 预约/预借图书
  • 作者相关作品
  • 分类相关作品
  • 丛书相关作品
  • 出版社相关作品

书目信息

  • 表格格式
  • 工作单格式
  • 卡片格式
题名:
空气污染污源与防治
    
 
作者: 黄正义 编译
分册:  
出版信息: 台北   淑馨出版社  1988
页数: 632页
开本: 21cm
丛书名:
单 册:
中图分类: X51
科图分类:
主题词: 空气 , 空气污染 , 空气污染--污染防治
电子资源:
ISBN:
000 00572nam0 2200205 450
001 0660195374
005 20061126164517.26
010    @b精装@dCNY100.17
100    @a20061126d1988 km y0chiy0120 ea
101 0  @achi
200 1  @a空气污染污源与防治@Akong qi wu ran wu yuan yu fang zhi@f黄正义编译@Fhuang zheng yi bian yi
210    @a台北@c淑馨出版社@d1988
215    @a632页@d21cm
606 0  @a空气
606 0  @a空气污染
606 0  @a空气污染@x污染防治
690    @aX51@v3
701  0 @a黄正义@Ahuang zheng yi@4编译
801  0 @aCN@bPFT@c20061126
905    @a10447@dX51@e11
    
    空气污染污源与防治/黄正义编译.-台北:淑馨出版社,1988
    632页;21cm
    
    
    ISBN (精装):CNY100.17
    
●
相关链接 在E读中查询图书 在五车中查询图书 在当当中查询图书 在豆瓣中查询图书


正题名:空气污染污源与防治     索取号:X51/11         预约/预借

序号 登录号 条形码 馆藏地/架位号 状态 备注
1 0262117   202124726   第二样本阅览室/ [索取号:X51/11] 在馆    
唐山师范学院图书馆 欢迎您!
大连网信软件有限公司© 版权所有